书目信息 |
| 题名: |
中华人民共和国国民经济和社会发展第十四个五年规划和2035年远景目标纲要
|
|
| 作者: | ||
| 分册: | ||
| 出版信息: | 北京 人民出版社 2021.03 |
|
| 页数: | 178页 | |
| 开本: | 20cm | |
| 丛书名: | ||
| 单 册: | ||
| 中图分类: | F123.399 | |
| 科图分类: | ||
| 主题词: | 经济--中国 | |
| 电子资源: | ||
| ISBN: | 7-01-023255-5 | |
| 000 | 00661nam0 2200181 450 | |
| 001 | 2539120326 | |
| 005 | 20250328105532.01 | |
| 010 | @a7-01-023255-5@dCNY18.00 | |
| 100 | @a20250328d2021 km y0chiy0120 ea | |
| 101 | 0 | @achi |
| 102 | @aCN@b110000 | |
| 200 | 1 | @a中华人民共和国国民经济和社会发展第十四个五年规划和2035年远景目标纲要@AZhong Hua Ren Min Gong He Guo Guo Min Jing Ji He She Hui Fa Zhan Di Shi Si Ge Wu Nian Gui Hua He 2035 Nian Yuan Jing Mu Biao Gang Yao |
| 210 | @a北京@c人民出版社@d2021.03 | |
| 215 | @a178页@d20cm | |
| 606 | 0 | @a经济@x中国 |
| 690 | @aF123.399@v4 | |
| 801 | 0 | @aCN@b大连网信软件有限公司图书馆·11@c20250328 |
| 905 | @aZUCC@dF123.399@e353 | |
| 中华人民共和国国民经济和社会发展第十四个五年规划和2035年远景目标纲要.-北京:人民出版社,2021.03 |
| 178页;20cm |
| ISBN 7-01-023255-5:CNY18.00 |
| ● |
| 相关链接 |
|
|
|
|
正题名:中华人民共和国国民经济和社会发展第十四个五年规划和2035年远景目标纲要
索取号:F123.399/353
 
预约/预借
| 序号 | 登录号 | 条形码 | 馆藏地/架位号 | 状态 | 备注 |
| 1 | 1439986 | 214399863 | 第一样本阅览室/ [索取号:F123.399/353] | 在馆 | |
| 2 | 1439987 | 214399872 | 第一借阅区/ [索取号:F123.399/353] | 在馆 | |
| 3 | 1439988 | 214399881 | 第一借阅区/ [索取号:F123.399/353] | 在馆 | |
| 4 | 1439989 | 214399890 | 第一借阅区/ [索取号:F123.399/353] | 在馆 |